Statistiken für Die schlausten Länder der Welt

Klicken Sie hier um das Quiz zu spielen!

Allgemein

  • Dieses Quiz wurde 147 mal gespielt
  • Das Durchschnittsergebnis liegt bei 14 aus 20

Antwortstatistiken

IQLand% Korrekt
100Deutschland
98%
106Japan
98%
104China
97%
100Schweiz
88%
100Kanada
86%
99Österreich
86%
103Südkorea
86%
99Australien
82%
101Finnland
81%
101Niederlande
78%
99Vereinigtes Königreich
77%
99Island
72%
99Neuseeland
69%
100Luxemburg
65%
100Nordkorea
57%
106Singapur
57%
106Taiwan
57%
100Estland
56%
99Ungarn
40%
99Belarus
20%

Verteilung der Resultate

Perzentil nach korrekt beantworteten Fragen

Anzahl Personen mit jedem Resultat

Ihre Resultats-Entwicklung

Sie haben dieses Quiz noch nicht gespielt